| 000 | 00921nam a2200277 a 4500 | ||
|---|---|---|---|
| 001 | 000111705 | ||
| 003 | CHAP | ||
| 005 | 20220329144225.0 | ||
| 008 | 150721s2014 mx |rm |0|||||spa d | ||
| 010 | _a108166 | ||
| 011 | _a109138 | ||
| 040 | _cCHAP | ||
| 090 | _aTesis | ||
| 100 | 1 |
_aLagunas Hernández, Adrián Juvencio _9129641 |
|
| 245 | 1 | 0 |
_aRendimiento y calidad de frutos de genotipos de fresa en hidroponía en respuesta a la solución nutritiva / _cpor Adrián Juvencio Lagunas Hernández. |
| 260 |
_aCocula, Gro. : _bEl autor, _c2014. |
||
| 300 | _axxi, 137 h. | ||
| 502 | _aTesis (Ing. Agr. en Fitotecnia) -- CSAEGRO. Centro de Estudios Profesionales | ||
| 590 |
_aE5765TAJ _b05 _c20150721 _lUCH01 _h1120 |
||
| 650 | 1 | 4 |
_aFresa _xCultivos hidropónicos. _9129642 |
| 650 | 1 | 4 |
_aFresa _xNutrición. _9129643 |
| 650 | 1 | 4 |
_aSoluciones nutritivas. _9108527 |
| 901 | _aBK | ||
| 942 | _cTESIS | ||
| 942 | _n0 | ||
| 999 |
_c108166 _d108166 |
||